載入...

Management: text and cases

書目詳細資料
主要作者: RAO, V.S.P
格式: Printed Book
出版: New Delhi Excel 2012
版:2nd
主題:
LEADER 00465nam a22001577a 4500
020 |a 9789350620588 
082 |a 658  |b RAO/M 
100 |a RAO, V.S.P. 
245 |a Management: text and cases 
250 |a 2nd 
260 |a New Delhi  |b Excel  |c 2012 
300 |a 804p. 
650 |a Management 
942 |c BK 
999 |c 33974  |d 33974 
952 |0 0  |1 0  |4 0  |6 658_000000000000000_RAOM  |7 0  |8 Stack  |9 35944  |a KUCL  |b KUCL  |c Stack  |d 2015-07-29  |g 450.00  |l 0  |o 658 RAO/M  |p 32686  |r 2015-07-29  |w 2015-07-29  |y BK